Amours des dieux grecs - Statistiques

Statistiques générales
  • Ce quiz a été pris 62 fois
  • Le résultat moyen est 8 sur 15
Statistiques - réponses
Hint Réponse % Correct
Zeus Héra | Métis | Thémis etc...
100%
Héra Zeus
96%
Hadès Perséphone
85%
Arès Aphrodite
73%
Aphrodite Héphaïstos | Arès | Anchise etc...
73%
Héphaïstos Aphrodite | Aglaé
71%
Poséidon Amphytrite | Thoôsa | Méduse etc...
35%
Hestia aucun
33%
Artémis aucun
33%
Apollon Coronis | Daphné | Cassandre etc...
33%
Héraclès Mégara | Déjanire | Hébé
33%
Athéna aucun
31%
Déméter Zeus | Poséidon
25%
Dionysos Ariane
23%
Hermès Peitho | Aphrodite etc...
19%
Aucun quiz correspondant
Distribution des résultats
% des personnes avec chaque résultat
Percentile par nombre de réponses
Votre historique - résultats
Vous n’avez pas pris ce quiz